The life I left behind / (Record no. 604)
[ view plain ]
| 000 -LEADER | |
|---|---|
| fixed length control field | 02684cam a2200385 i 4500 |
| 001 - CONTROL NUMBER | |
| control field | 18337903 |
| 005 - DATE AND TIME OF LATEST TRANSACTION | |
| control field | 20230901105259.0 |
| 008 - FIXED-LENGTH DATA ELEMENTS--GENERAL INFORMATION | |
| fixed length control field | 141017s2015 nyu 000 1 eng |
| 010 ## - LIBRARY OF CONGRESS CONTROL NUMBER | |
| LC control number | 2014034048 |
| 020 ## - INTERNATIONAL STANDARD BOOK NUMBER | |
| International Standard Book Number | 9781250041210 (hardcover) |
| 020 ## - INTERNATIONAL STANDARD BOOK NUMBER | |
| Canceled/invalid ISBN | 9781250041227 (ebook) |
| 040 ## - CATALOGING SOURCE | |
| Original cataloging agency | DLC |
| Language of cataloging | eng |
| Transcribing agency | KMU |
| Modifying agency | KMU |
| Description conventions | rda |
| 042 ## - AUTHENTICATION CODE | |
| Authentication code | pcc |
| 050 00 - LIBRARY OF CONGRESS CALL NUMBER | |
| Classification number | PR 6113.B48 L54 |
| 100 1# - MAIN ENTRY--PERSONAL NAME | |
| Personal name | McBeth, Colette. |
| 245 14 - TITLE STATEMENT | |
| Title | The life I left behind / |
| Statement of responsibility, etc. | Colette McBeth. |
| 250 ## - EDITION STATEMENT | |
| Edition statement | First U.S. edition. |
| 264 #1 - PRODUCTION, PUBLICATION, DISTRIBUTION, MANUFACTURE, AND COPYRIGHT NOTICE | |
| Place of production, publication, distribution, manufacture | New York : |
| Name of producer, publisher, distributor, manufacturer | Minotaur Books, |
| Date of production, publication, distribution, manufacture, or copyright notice | 2015. |
| 300 ## - PHYSICAL DESCRIPTION | |
| Extent | 343 pages ; |
| Dimensions | 25 cm |
| 336 ## - CONTENT TYPE | |
| Content type term | text |
| Source | rdacontent |
| 337 ## - MEDIA TYPE | |
| Media type term | unmediated |
| Source | rdamedia |
| 338 ## - CARRIER TYPE | |
| Carrier type term | volume |
| Source | rdacarrier |
| 520 ## - SUMMARY, ETC. | |
| Summary, etc. | "Six years ago, Melody Pieterson was attacked and left for dead. Only a chance encounter with a dog walker saved her life. Melody's neighbor and close friend David Alden was found guilty of the crime and imprisoned, and the attack and David's betrayal of her friendship left Melody a different person. She no longer trusts her own judgment, she no longer trusts her friends. In fact, she no longer really has any friends. She's built a life behind walls and gates and security codes; she's cloistered herself away from the world almost entirely. And then, soon after David is released from prison, Eve Elliot is murdered in an attack almost identical to Melody's. With the start of a new police investigation, Melody is suddenly pulled from her ordered, secluded life and back into the messy world around her. But as she learns more about Eve's murder, Melody starts to wonder if perhaps David hadn't betrayed her after all...if perhaps the killer is someone else entirely, someone who's still out there, preparing to strike again. Narrated alternately by Melody and by Eve's lingering ghost, The Life I Left Behind is a taut thriller and an intimate look at two young women bound together in ways neither of them could ever have predicted. Colette McBeth has proven once again that she is a master of suspense"-- |
| Assigning source | Provided by publisher. |
| 650 #0 - SUBJECT ADDED ENTRY--TOPICAL TERM | |
| Topical term or geographic name entry element | Women detectives |
| Form subdivision | Fiction. |
| 650 #0 - SUBJECT ADDED ENTRY--TOPICAL TERM | |
| Topical term or geographic name entry element | Murder |
| General subdivision | Investigation |
| Form subdivision | Fiction. |
| 650 #0 - SUBJECT ADDED ENTRY--TOPICAL TERM | |
| Topical term or geographic name entry element | Future life |
| Form subdivision | Fiction. |
| 650 #7 - SUBJECT ADDED ENTRY--TOPICAL TERM | |
| Topical term or geographic name entry element | FICTION / Mystery & Detective / Women Sleuths. |
| Source of heading or term | bisacsh |
| 650 #7 - SUBJECT ADDED ENTRY--TOPICAL TERM | |
| Topical term or geographic name entry element | FICTION / Thrillers. |
| Source of heading or term | bisacsh |
| 655 #7 - INDEX TERM--GENRE/FORM | |
| Genre/form data or focus term | Mystery fiction. |
| Source of term | gsafd |
| 655 #7 - INDEX TERM--GENRE/FORM | |
| Genre/form data or focus term | Suspense fiction. |
| Source of term | gsafd |
| 856 42 - ELECTRONIC LOCATION AND ACCESS | |
| Materials specified | Cover image |
| Uniform Resource Identifier | <a href="http://www.netread.com/jcusers2/bk1388/210/9781250041210/image/lgcover.9781250041210.jpg">http://www.netread.com/jcusers2/bk1388/210/9781250041210/image/lgcover.9781250041210.jpg</a> |
| 906 ## - LOCAL DATA ELEMENT F, LDF (RLIN) | |
| a | 7 |
| b | cbc |
| c | orignew |
| d | 1 |
| e | ecip |
| f | 20 |
| g | y-gencatlg |
| 942 ## - ADDED ENTRY ELEMENTS (KOHA) | |
| Source of classification or shelving scheme | Library of Congress Classification |
| Koha item type | Fiction |
| Suppress in OPAC | No |
| Withdrawn status | Lost status | Source of classification or shelving scheme | Damaged status | Not for loan | Collection | Home library | Current library | Shelving location | Date acquired | Source of acquisition | Total Checkouts | Total Renewals | Full call number | Barcode | Date last seen | Date last checked out | Price effective from | Koha item type |
|---|---|---|---|---|---|---|---|---|---|---|---|---|---|---|---|---|---|---|
| Library of Congress Classification | Fiction | Kapasa Makasa University | Kapasa Makasa University | Open Access | 01.09.2023 | Book International Aid | 4 | 3 | PR 6113.B48 L54 Mcb | 746579 | 11.05.2026 | 24.03.2026 | 01.09.2023 | Fiction |